Εμείς και τα όνειρα
Αποθηκεύτηκε σε:
| Κύριος συγγραφέας: | |
|---|---|
| Άλλοι συγγραφείς: | , |
| Μορφή: | Βιβλίο |
| Γλώσσα: | Greek English |
| Δημοσίευση: |
Αθήνα :
Προμηθευτική - Καρακωτσόγλου,
[c1985]
|
| Θέματα: | |
| Ετικέτες: |
Προσθήκη ετικέτας
Δεν υπάρχουν, Καταχωρήστε ετικέτα πρώτοι!
|
MARC
| LEADER | 00000cam a2200000 i 4500 | ||
|---|---|---|---|
| 001 | 1/20569 | ||
| 008 | 051209s1985 gre d | ||
| 035 | |l 10081648 | ||
| 040 | |a GR-MY-UA |b gre |e aacr | ||
| 041 | 0 | |a gre |h eng | |
| 082 | 0 | |a 154.63 |2 (22) | |
| 100 | 1 | |a Parker, Julia. | |
| 245 | 1 | 0 | |a Εμείς και τα όνειρα / |c Julia and Derek Parker ; επιμέλεια - μετάφραση: Φώντας Κονδύλης |
| 260 | |a Αθήνα : |b Προμηθευτική - Καρακωτσόγλου, |c [c1985] | ||
| 300 | |a 222 σ.; |c 28 εκ. | ||
| 650 | 0 | 0 | |a Dreams. |
| 650 | 0 | 0 | |a Dream interpretation. |
| 700 | 1 | |a Parker, Derek, |d 1932- | |
| 700 | 1 | |a Κονδύλης, Φώντας, |d 1940-2002. |4 edt | |
| 852 | |a INST |b RHODES |c KRI |e 20051209 |h 154.63 PAR |p 005400028095 |q 005400028095 |t BK |y 0 | ||
| 901 | |a BIBL4-2005-3 | ||
| 909 | |a Ρ |b 122744 | ||
| 970 | |a ΚΟΖΑ |b ΜΑΡΙΑ |z 2005/12/09 | ||